MAASAI MARA UNIVERSITY

LIBRARY CATALOGUE

Contact Us: +254 020 2685356/7 or 0774 057787

Box: 861-20500, NAROK, KENYA

Email: info@mmarau.ac.ke

_College Physics(4th ed) (Record no. 6075)

MARC details
000 -LEADER
fixed length control field 00418nam a2200157Ia 4500
008 - FIXED-LENGTH DATA ELEMENTS--GENERAL INFORMATION
fixed length control field 151021s9999 xx 000 0 und d
020 ## - INTERNATIONAL STANDARD BOOK NUMBER
International Standard Book Number 130824445
050 ## - LIBRARY OF CONGRESS CALL NUMBER
Classification number QC21.2W548 2000
245 ## - TITLE STATEMENT
Title _College Physics(4th ed)
260 ## - PUBLICATION, DISTRIBUTION, ETC. (IMPRINT)
Place of publication, distribution, etc. U S A Prentice Hall 2000
300 ## - PHYSICAL DESCRIPTION
Extent xxxi,955p.;ill
500 ## - GENERAL NOTE
General note Includes Index
650 ## - SUBJECT ADDED ENTRY--TOPICAL TERM
Topical term or geographic name as entry element _Physics
700 ## - ADDED ENTRY--PERSONAL NAME
Personal name _Jerry D. Wilson
980 ## - EQUIVALENCE OR CROSS-REFERENCE-SERIES STATEMENT--PERSONAL NAME/TITLE [LOCAL, CANADA]
Personal name ^d20110117 03:17:59^okilerai

No items available.

© 2016 Maasai Mara University.